00523nam a22001337a 4500082001200000100002300012245012600035260004100161650002900202700003500231942000700266999001900273952009700292 aTHE 200 aAMEER AHMED972827 aTH-SOF-0786-The Impact of Career Self Management on Employees Organizational Commitment in the Banking Sector of Pakistan aNUST COLLEGE OF EMEbISLAMABADc2001 a MS-EM-5 MSTHESIS972537 a Dr. Akhtar Nawaz Malik916099 cCF c578810d578810 00104070aCEMEbCEMEcREFd2020-03-11l0oTHE 200pTH-SOF-0786r2021-06-28w2021-06-28yCF